000 00570nam a2200193Ia 4500
003 GCL
008 140319s9999 xx 000 0 ara d
040 _aGCL /
_cGCL
082 0 4 _a190
_bر ت
100 1 _aراندال، جون هرمان
245 1 0 _aتكوين العقل الحديث : الجزء الثانى /
_cراندال، جون هرمان
700 1 _aجورج طعمة
700 1 _aبرهان الدين الدجانى
300 _a476 ص
490 _a
650 0 4 _aالفلسفة
650 0 4 _aالفلسفة العربية
942 _2ddc
_cBK
999 _c41117
_d41117